000 00784nmc a2200313 a 4500
003 AR-BaBNM
005 20251128211251.0
008 173020s2000 ||||||||||||||000 | spa||
020 _a950-23-0989-1
040 _cAR-BaBNM
100 1 _aGonzález, Norberto
245 1 0 _aIntroducción al estudio del ingreso nacional
260 _aBuenos Aires
_bEudeba
_c2000
300 0 _a95 p.
490 0 _aCuadernos
610 2 4 _aMERCOSUR
650 4 _aSALARIOS
650 4 _aMODOS DE PRODUCCION
650 4 _aCONSUMO
650 4 _aPOLITICA DE INGRESOS
650 4 _aOFERTA Y DEMANDA
650 4 _aPOLITICA ECONOMICA
650 4 _aINGRESO NACIONAL
651 4 _aArgentina
700 1 _aTomasini, Roberto
700 1 _aRué, Pablo A.
942 _cBK
998 _cmariana
999 _c18926
_d18926